Beginners /

Đã lưu trong:
Chi tiết về thư mục
Những tác giả chính: Reitzell, Brian (Nhà soạn nhạc), Neill, Roger (Nhà soạn nhạc)
Tác giả khác: Mills, Mike (regista) (Giám đốc, Người viết kịch bản), Scheckel, Joan (Nhà sản xuất), Lennox, Kai (Diễn viên), Laurent, Mélanie (Diễn viên), Tuxen, Kasper (Nhiếp ảnh gia), Plummer, Christopher (Diễn viên), McGregor, Ewan (Diễn viên), Visnjic, Goran (Diễn viên)
Định dạng: Slide
Ngôn ngữ:Tiếng Italy
Tiếng Anh
Tiếng Tây Ban Nha
Được phát hành: [Roma] : Universal Pictures Italia, ©2011
Các nhãn: Thêm thẻ
Không có thẻ, Là người đầu tiên thẻ bản ghi này!

MARC

LEADER 00000ngm a22000007i 4500
001 IT\ICCU\MOD\1595676
003 ItRI
005 20260310201517.0
008 111229s2011 it |||||||||||||||k|||||c
028 4 2 |a 8283445  |b Universal Studios 
040 |b ita  |c Arcigay Genova  
041 7 |a ita  |a eng  |a spa  |2 ISO-639-2 
082 |a 791.43  |2 19 
130 0 |a Beginners <film ; 2010> 
245 0 0 |a Beginners /  |c written and directed by Mike Mills ; director of photography Kasper Tuxen ; music by Roger Neill, David Palmer, Brian Reitzell ; productor: Joan Scheckel ; cast: Ewan McGregor, Christopher Plummer, Mélanie Laurent ... [et al.]. 
260 |a [Roma] :  |b Universal Pictures Italia,  |c ©2011 
300 |a 1 DVD video (ca. 140 min.) :  |b color., sonoro ;  |c in contenitore, 19 cm 
500 |a Titolo del contenitore 
500 |a Produzione: Stati Uniti, 2011 
500 |a Etichetta: Universal  
500 |a Durata: 140 min. Caratteristiche tecniche: regione 2; PAL; 1.85:1 anamorphic widescreen; Dolby digital 5.1 
500 |a Tit. del contenitore 
500 |a Produzione cinematografica USA 2010 
500 |a Interpreti: Ewan McGregor, Christopher Plummer, Mélanie Laurent 
500 |a Lingue: italiano, inglese, spagnolo; sottotitoli: italiano, inglese per non udenti, spagnolo, portoghese, rumeno 
500 |a Contenuti speciali: commento del regista; il making of di Beginners; promo di Beginners 
700 1 |a Mills, Mike  |c  (regista)  |0 IT\ICCU\DDSV\345494  |4 drt 
700 1 |a Mills, Mike  |c  (regista)  |0 IT\ICCU\DDSV\345494  |4 sce 
700 1 |a Scheckel, Joan  |0 IT\ICCU\DDSV\345495  |4 pro 
700 1 |a Lennox, Kai  |0 IT\ICCU\DDSV\345496  |4 act 
700 1 |a Reitzell, Brian  |0 IT\ICCU\LO1V\303000  |4 cmp 
700 1 |a Laurent, Mélanie  |0 IT\ICCU\LO1V\363642  |4 act 
700 1 |a Tuxen, Kasper  |0 IT\ICCU\LO1V\389975  |4 pht 
700 1 |a Plummer, Christopher  |0 IT\ICCU\RAVV\092723  |4 act 
700 1 |a McGregor, Ewan  |0 IT\ICCU\RAVV\099560  |4 act 
700 1 |a Visnjic, Goran  |0 IT\ICCU\UBOV\561950  |4 act 
700 1 |a Neill, Roger  |0 IT\ICCU\UBOV\786251  |4 cmp 
710 2 |a Universal Studios  |0 IT\ICCU\DDSV\117159  |4 pbl 
942 |2 ddc  |c VM  |n 0 
952 |0 0  |1 0  |2 ddc  |4 0  |6 VO_2003_000000000000000  |7 0  |9 26830  |a BO  |b BO  |d 2026-01-24  |i 16784  |l 0  |o VO 2003  |p BO16784  |r 2026-01-24 18:28:00  |w 2026-01-24  |y VM 
952 |0 0  |1 0  |2 ddc  |4 0  |6 DVD_16_000000000000000  |7 0  |9 33276  |a GE  |b GE  |d 2026-03-10  |l 0  |o DVD 16  |p 11803  |r 2026-03-10 15:47:14  |w 2026-03-10  |y VM 
999 |c 28905  |d 28905